000
00164 a2200097 4500
041
_a
spa
100
_a
Anonimo
245
_a
La Ciudad
942
_c
BK
952
_7
1
999
_c
16809
_d
16809